Desarrollo económico y desarrollo político
Uloženo v:
| Hlavní autor: | |
|---|---|
| Médium: | Kniha |
| Jazyk: | španělština |
| Vydáno: |
Buenos Aires
Eudeba
1968
|
| Vydání: | 2a. ed |
| Edice: | Temas de Eudeba. Temas de Sociología
|
| Témata: | |
| Tagy: |
Přidat tag
Žádné tagy, Buďte první, kdo vytvoří štítek k tomuto záznamu!
|
MARC
| LEADER | 00000nam a2200000 a 4500 | ||
|---|---|---|---|
| 001 | UCX5254 | ||
| 003 | CL-VaPUC | ||
| 008 | 921014e19680000AG |||||||||||||||||spa|d | ||
| 082 | 0 | 4 | |a 330.9 |b JAG |2 21 |
| 100 | |a Jaguaribe, Helio |e author |9 566026 | ||
| 245 | 1 | 0 | |a Desarrollo económico y desarrollo político |
| 250 | |a 2a. ed | ||
| 300 | |a 213 p | ||
| 942 | |c BK | ||
| 945 | |d 19921014 00:00:00 | ||
| 260 | |a Buenos Aires |b Eudeba |c 1968 | ||
| 650 | 0 | |a Desarrollo económico |9 259599 | |
| 583 | |a last modification |c 19921014 00:00:00 |k Rodrigo Vera | ||
| 490 | 0 | |a Temas de Eudeba. Temas de Sociología | |
| 999 | |c 225548 |d 225546 | ||
| 952 | |0 0 |1 0 |4 0 |6 330_900000000000000_JAG_1968 |7 0 |8 A |9 223151 |a BIBHIS |b BIBHIS |d 2019-11-15 |i 2919958 |o 330.9 JAG 1968 |p 2919958 |r 2025-01-20 |w 2019-11-15 |y BK |k HIS | ||
| 952 | |0 0 |1 0 |4 0 |6 330_900000000000000_JAG_1968 |7 0 |8 A |9 223152 |a BIBENE |b BIBENE |d 2019-11-15 |i 1998595 |o 330.9 JAG 1968 |p 1998595 |r 2025-01-15 |w 2019-11-15 |y BK |k ICO | ||